000 00281nam a2200097Ia 4500
001 1166105
005 20250827011754.0
008 250824s9999 xx 000 0 und d
245 0 _aOKULA GELİRKEN ÇOK KOMİK ŞEYLER OLDU
_cDAVIDE CALI
260 _bGÜNIŞIĞI KİTAPLIĞI YAYINLARI
999 _c1166105
_d1166105